Become happy arosperous and powerful / (Record no. 156096)

MARC details
000 -LEADER
fixed length control field 00623nam a22002177a 4500
003 - CONTROL NUMBER IDENTIFIER
control field dpl
005 - DATE AND TIME OF LATEST TRANSACTION
control field 20180820125936.0
008 - FIXED-LENGTH DATA ELEMENTS--GENERAL INFORMATION
fixed length control field 180820b xxu||||| |||| 00| 0 eng d
010 ## - LIBRARY OF CONGRESS CONTROL NUMBER
LC control number B-031398
016 ## - NATIONAL BIBLIOGRAPHIC AGENCY CONTROL NUMBER
Record control number B-031398
035 ## - SYSTEM CONTROL NUMBER
System control number B-031398
037 ## - SOURCE OF ACQUISITION
Source of stock number/acquisition BPPD/PUB
040 ## - CATALOGING SOURCE
Transcribing agency 0
082 14 - DEWEY DECIMAL CLASSIFICATION NUMBER
Classification number 158.1
100 1# - MAIN ENTRY--PERSONAL NAME
Personal name M. Jain
245 1# - TITLE STATEMENT
Title Become happy arosperous and powerful /
Statement of responsibility, etc by Jain M.
260 ## - PUBLICATION, DISTRIBUTION, ETC. (IMPRINT)
Place of publication, distribution, etc New delhi
Name of publisher, distributor, etc C and C School of leadership
Date of publication, distribution, etc 1999
270 ## - ADDRESS
Address A-56/A, Lajpat nagar-ii
City New delhi
Postal code 110024
300 ## - PHYSICAL DESCRIPTION
Extent 284p.
Dimensions 28 cm. (Hb)
942 ## - ADDED ENTRY ELEMENTS (KOHA)
Institution code [OBSOLETE] dpl
Koha item type English Books
Call number prefix 158.1 / JAI
Source of classification or shelving scheme Dewey Decimal Classification
Classification part 158.1
Call number suffix JAI
Holdings
Withdrawn status Lost status Source of classification or shelving scheme Damaged status Not for loan Collection code Home library Current library Date acquired Source of acquisition Cost, normal purchase price Total Checkouts Full call number Barcode Date last seen Cost, replacement price Price effective from Koha item type
    Dewey Decimal Classification     Non-fiction Shahdara Branch Shahdara Branch 20/08/2018 BPPD/PUB 395.00   158.1 JAI B-031398 20/08/2018 395.00 20/08/2018 English Books

© Delhi Public Library
Hit Counter
free hit counter